000 00642nam a2200205Ia 4500
001 13078
003 GE_BSU
008 181216s||||||||xx |||||||||||||| ||und||
040 _cGE_BSU
080 _a664.8(075.8)
100 _aШироков,Е.П.
245 _aПрактикум по хранению и переработке плодов и овощей
245 _cРед.Ю.Г.Челышкин
260 _aМосква
260 _bКолос
260 _c1964
300 _a348стр.илл.20см.
653 _aПрактикум по хранению и переработке плодов и овощей
942 _cBK
999 _c46245
_d46245